000 00468nam a2200181Ia 4500
001 19273
005 20260306171732.0
008 260306s9999||||xx |||||||||||||| ||und||
041 _aESP
082 _a658.827
_bO47
100 _aOllé, Ramón
_eAUT
245 0 _aEl nuevo brand management:
_bcómo plantar marcas para hacer crecer negocios
260 _c2009
300 _a182 páginas :
_c22 cm.
650 _aGEN
654 _aCAN
942 _cLIB
_dJUS
_fJUS
_2ddc
_n
999 _c19273
_d19273